000 00517nam a2200181Ia 4500
008 090123s9999 xx 000 0 und d
082 _b22015
100 _aराऊत शांताराम
245 _aबोधचिन्ह
250 _a1
260 _bफुलराणी
_c1993
300 _a58
600 _aराऊत शांताराम
630 _aबोधचिन्ह
700 _aराऊत शांताराम
730 _aबोधचिन्ह
942 _cBOOK
999 _c60087
_d60087